000
00268nam a2200109Ia 4500
008
200302s9999 xx 000 0 und d
100
_a
Bryan J. B. Gauld
245
_a
Structures for Architects 3rd ed.
260
_b
Langman Group Ltd.
260
_c
1995
300
_a
169 P.,
999
_c
947
_d
947